• 首页
  • 本馆介绍
  • 公告通知
  • 最新文献
  • 馆藏检索
  • 电子资源
  • 读者导购
  • 参考咨询
  • 我的图书馆
  • 登录
  • 详细信息显示
  • 放入我的书架
  • 预约/预借图书
  • 作者相关作品
  • 分类相关作品
  • 丛书相关作品
  • 出版社相关作品

书目信息

  • 表格格式
  • 工作单格式
  • 卡片格式
题名:
中国道路与蓝领中产阶级成长
    
 
作者: 厉以宁
分册:  
出版信息: 北京   商务印书馆  
页数: 290页
开本: 20cm
丛书名:
单 册:
中图分类: D663.1
科图分类:
主题词: 政治--中国
电子资源:
ISBN: 7-100-11645-7
000 00586nam0 2200193 450
001 2460215705
005 20240909164550.44
010    @a7-100-11645-7@dCNY49.80
100    @a20240909d km y0chiy0120 ea
101 0  @achi
102    @aCN@b110000
200 1  @a中国道路与蓝领中产阶级成长@AZhong Guo Dao Lu Yu Lan Ling Zhong Chan Jie Ji Cheng Zhang@f厉以宁@FLi Yi Ning
210    @a北京@c商务印书馆
215    @a290页@d20cm
606 0  @a政治@x中国
690    @aD663.1@v4
701  0 @a厉以宁@ALi Yi Ning
801  0 @aCN@b大连网信软件有限公司图书馆·11@c20240909
905    @aZUCC@dD663.1@e293
    
    中国道路与蓝领中产阶级成长/厉以宁.-北京:商务印书馆
    290页;20cm
    
    
    ISBN 7-100-11645-7:CNY49.80
    
●
相关链接 在E读中查询图书 在五车中查询图书 在当当中查询图书 在豆瓣中查询图书


正题名:中国道路与蓝领中产阶级成长     索取号:D663.1/293         预约/预借

序号 登录号 条形码 馆藏地/架位号 状态 备注
1 1053544   210535447   第一样本阅览室/ [索取号:D663.1/293] 已借出,限还日期为2034.09.11
借出人:宋晓敏  
 
唐山师范学院图书馆 欢迎您!
大连网信软件有限公司© 版权所有